Un sistema de información basado en costos para la toma de decisiones sobre precios (Registro nro. 17827)

Detalles MARC
000 -LEADER
fixed length control field 00512 a2200145 4500
001 - CONTROL NUMBER
control field ART_45510
005 - DATE AND TIME OF LATEST TRANSACTION
control field 20260410161731.0
008 - FIXED-LENGTH DATA ELEMENTS--GENERAL INFORMATION
fixed length control field 260409a
100 1# - MAIN ENTRY--PERSONAL NAME
Personal name Perata, Antonela
245 10 - TITLE STATEMENT
Title Un sistema de información basado en costos para la toma de decisiones sobre precios
653 ## - INDEX TERM--UNCONTROLLED
Uncontrolled term Resumen de tesis de posgrado
700 1# - ADDED ENTRY--PERSONAL NAME
Personal name Freitas, Henrique M. R. de
700 1# - ADDED ENTRY--PERSONAL NAME
Personal name Pesce, Gabriela
773 0# - HOST ITEM ENTRY
Title Escritos contables y de administración
Related parts - Vol. 7, Nº 2 (jul./dic. 2006)
Record control number REV2758

No hay ítems disponibles.